| 000 | 01085nam a2200253 i 4500 | ||
|---|---|---|---|
| 001 | 139928 | ||
| 003 | ES-MaACL | ||
| 005 | 20230906195941.0 | ||
| 007 | t| | ||
| 008 | 070214s1903 ag r ||||1| spa d | ||
| 100 | 1 |
_aSchmidel, Ulrich. _9104457 |
|
| 245 | 1 | 0 |
_aViaje al Río de La Plata _b: (1534-1554) / _cUlrich Schmidel ; notas bibliográficas y biográficas por Bartolomé Mitre ; prólogo, traducción y anotaciones por Samuel A. Lafone Quevedo. |
| 260 |
_aBuenos Aires : _bCia. Sudamericana, _c1903. |
||
| 300 |
_a499 p. ; _c23 x 15 cm + _e3 map. |
||
| 490 | 1 |
_aBiblioteca de la Junta de Historia y Numismática Americana ; _v1 |
|
| 650 | 4 |
_aIndios de América del Sur. _9158618 |
|
| 651 | 4 |
_aAmérica del Sur- _xDescubrimientos y exploraciones- _xEspañoles. _9158619 |
|
| 700 | 1 |
_aMitre, Bartolomé. _981705 |
|
| 700 | 1 |
_aLafone Quevedo, Samuel A. _969503 |
|
| 710 | 2 |
_aJunta de Historia y Numismática Americana. _95393 |
|
| 830 | 0 |
_aBiblioteca de la Junta de Historia y Numismática Americana ; _v1 _9187162 |
|
| 852 |
_aES-MaACL _jF-3435 |
||
| 999 |
_c139928 _d139928 |
||